00336nam a22001332 4500001001100000005001700011008004100028040001500069050002000084100003300104245002400137260003100161300001000192000000565420151217160110.0070620s xx 000 0 eng d aKABUcKABU 0aPZ90b.S94N3C481 aNandwa, Rebecca.@000015687510aChura mcheza ngoma. aNairobi :bPhoenix,c2001. a30 p.